States of India by Longest River - Statistics

General Stats
  • This quiz has been taken 30 times
  • The average score is 13 of 30
Answers on the Map
Answers color-coded by a green-red scale on the quiz's map according to % correct below.
 
Answer Stats
State % Correct
Ganga
100%
Ganga
100%
Ganga
100%
Brahmaputra
91%
Brahmaputra
91%
Brahmaputra
91%
Godavari
77%
Godavari
77%
Godavari
77%
Indus
77%
Kaveri
64%
Narmada
64%
Narmada
64%
Yamuna
41%
Yamuna
41%
Sutlej
36%
Chenab
32%
Chenab
32%
Chambal
14%
Mahanadi
14%
Mahanadi
14%
Periyar
14%
Tungabhadra
9%
Barak
5%
Barak
5%
Teesta
5%
Doyang
0%
Manu
0%
Simsang
0%
Zuari
0%
No matching quizzes found
Score Distribution
Percent of People with Each Score
Percentile by Number Answered
Your Score History
You have not taken this quiz